000 00651nam a2200229Ia 4500
003 OSt
005 20220924122316.0
006 a|||||r|||| 00| 0
007 ta
008 220923b |||||||| |||| 00| 0 urd d
024 _a322880
037 _cTextual
040 _aARTS
_cARTS
_burd
041 _2urd
_aurd
082 _aV2:51wM78, 168K3
100 _aJaafri Sayed Raees Ahmad Au.
_9188380
245 0 _aAli Baradran
260 _aLahore
_bMohammad Ali Academy Pakistan
_c1963
650 _aHISTORIANS - INDIA
942 _hV2:51wM78, 168K3
_cTEXL
_2CC
999 _c411134
_d411134